ASYMPTOTIC PROPERTIES FOR THE LOGLOG LAWS UNDER POSITIVE ASSOCIATION

Bibliographic Details
Main Authors: Xiao-Rong Yang (Author), Ke-Ang Fu (Author)
Format: Article
Language:English

MARC

LEADER 00000nab a2200000uu 4500
001 vtls011450948
003 SK-MaSNL
005 20260303151359.0
008 230222|2012 xo |||||||||||||||||eng|
015 |a SNBRB 
035 |a (urnnbn)urn:nbn:sk:snk:ar-006k73 
035 |a (uuid)0e8b04e5-570a-4f39-9023-54a95b0a7bca 
035 |a urn:nbn:sk:snk-abcn0r 
040 |a SNKBUCL  |b slo  |c SNKBUCL  |e AACR2 
041 0 |a eng 
044 |a xo  |c SK 
100 1 |a Xiao-Rong Yang  |4 aut  |9 1170884 
245 1 0 |a ASYMPTOTIC PROPERTIES FOR THE LOGLOG LAWS UNDER POSITIVE ASSOCIATION  |c Xiao-Rong Yang, Ke-Ang Fu 
700 1 |a Ke-Ang Fu  |4 aut  |9 1170885 
773 0 |t Mathematica Slovaca  |g Roč. 62, č. 5 (2012), s. [979]-994 
958 |a OND 
958 |a EUIPO 
958 |a article16 
999 |c 2017447  |d 2019377